[Event "Chigorin Memorial 30th"]
[Site "St Petersburg"]
[Date "2023.10.21"]
[Round "1"]
[White "Komyagin, Aleksandr"]
[Black "Tereschenko, Valerij"]
[Result "1-0"]
[WhiteElo "1414"]
[BlackElo "1971"]
[PlyCount "75"]
[EventDate "2023.10.21"]
[EventType "swiss"]
[EventRounds "9"]
[EventCountry "RUS"]
[SourceTitle "Mega2024 Update 01"]
[Source "Chessbase"]
[SourceDate "2023.11.12"]
[SourceVersion "1"]
[SourceVersionDate "2023.11.12"]
[SourceQuality "1"]

1. e4 c6 2. d4 d5 3. Nc3 dxe4 4. Nxe4 Bf5 5. Ng3 Bg6 6. h4 h6 7. Nf3 Nd7 8. h5 Bh7 9. Bd3 Bxd3 10. Qxd3 Ngf6 11. Bf4 Qa5+ 12. Bd2 Qc7 13. 0-0-0 e6 14. Kb1 0-0-0 15. Ne4 c5 16. c3 c4 17. Qe2 Nd5 18. Ne5 Nxe5 19. dxe5 Qxe5 20. Qxc4+ Kb8 21. f4 Qf5 22. Ka1 Be7 23. Qe2 Nf6 24. Nxf6 Bxf6 25. g4 Qc2 26. g5 Be7 27. gxh6 gxh6 28. Rh2 Qf5 29. a3 Qd5 30. Rhh1 Qb3 31. Bc1 Bf6 32. f5 Rxd1 33. Rxd1 exf5 34. Bf4+ Kc8 35. Qd3 Qe6 36. Qb5 Be7 37. Qa5 Qb6 38. Qe5 1-0

[Event "Litomysl op 20th"]
[Site "Litomysl"]
[Date "2019.12.31"]
[Round "8"]
[White "Zerebiec, Maurycy"]
[Black "Tereschenko, Valerij"]
[Result "0-1"]
[WhiteElo "1983"]
[BlackElo "1954"]
[PlyCount "92"]
[EventDate "2019.12.26"]
[EventType "swiss"]
[EventRounds "9"]
[EventCountry "CZE"]
[SourceTitle "CBM 194 Extra"]
[Source "ChessBase"]
[SourceDate "2020.03.31"]
[SourceVersion "1"]
[SourceVersionDate "2020.03.31"]
[SourceQuality "1"]

1. f4 d5 2. Nf3 c5 3. e3 Nf6 4. d4 Nc6 5. c3 cxd4 6. exd4 g6 7. Bd3 Bg7 8. 0-0 Bf5 9. Be3 0-0 10. Bxf5 gxf5 11. Nbd2 Ne4 12. Kh1 e6 13. Rg1 Kh8 14. Qe2 Qe7 15. g4 fxg4 16. Rxg4 f5 17. Rg2 Bf6 18. Rag1 Rg8 19. Ne5 Rxg2 20. Qxg2 Nxd2 21. Bxd2 Nxe5 22. fxe5 Bg7 23. Bg5 Qf7 24. Qh3 b5 25. Qh4 Rg8 26. Kg2 a5 27. Kf3 b4 28. cxb4 axb4 29. Rg3 Ra8 30. Kf4 Qa7 31. Ke3 f4+ 32. Bxf4 Qxa2 33. Bh6 Qb3+ 34. Kf4 Rf8+ 35. Kg5 Rf5+ 36. Kg4 Qd1+ 37. Kh3 Qf1+ 38. Kg4 Bxh6 39. Qxh6 Qe2+ 40. Kh4 Qxh2+ 41. Rh3 Qf2+ 42. Rg3 Qh2+ 43. Rh3 Qf2+ 44. Rg3 Qxd4+ 45. Kh3 Qxe5 46. Kg2 Qe2+ 0-1

[Event "Litomysl op 20th"]
[Site "Litomysl"]
[Date "2019.12.29"]
[Round "6"]
[White "Khulapov, Vyacheslav"]
[Black "Tereschenko, Valerij"]
[Result "1-0"]
[WhiteElo "2065"]
[BlackElo "1954"]
[PlyCount "63"]
[EventDate "2019.12.26"]
[EventType "swiss"]
[EventRounds "9"]
[EventCountry "CZE"]
[SourceTitle "CBM 194 Extra"]
[Source "ChessBase"]
[SourceDate "2020.03.31"]
[SourceVersion "1"]
[SourceVersionDate "2020.03.31"]
[SourceQuality "1"]

1. Nf3 Nf6 2. g3 g6 3. Bg2 Bg7 4. 0-0 0-0 5. d3 d5 6. Nbd2 Nbd7 7. e4 dxe4 8. dxe4 e5 9. Qe2 c6 10. a4 a5 11. Rd1 Qc7 12. h3 b6 13. b3 Ba6 14. Qe3 Rfd8 15. Bb2 Bf8 16. Bf1 Bxf1 17. Kxf1 Re8 18. Kg2 b5 19. Ra2 h6 20. Rda1 Kh7 21. axb5 cxb5 22. Qc3 Qb6 23. Rxa5 b4 24. Qc4 Rxa5 25. Qxf7+ Bg7 26. Nc4 Qc6 27. Rxa5 Rf8 28. Qxg6+ Kxg6 29. Nfxe5+ Nxe5 30. Nxe5+ Kh7 31. Nxc6 Nxe4 32. Ra7 1-0

[Event "Litomysl op 20th"]
[Site "Litomysl"]
[Date "2019.12.29"]
[Round "5"]
[White "Tereschenko, Valerij"]
[Black "Vaval, Aaditi"]
[Result "1-0"]
[WhiteElo "1954"]
[BlackElo "1773"]
[PlyCount "77"]
[EventDate "2019.12.26"]
[EventType "swiss"]
[EventRounds "9"]
[EventCountry "CZE"]
[SourceTitle "CBM 194 Extra"]
[Source "ChessBase"]
[SourceDate "2020.03.31"]
[SourceVersion "1"]
[SourceVersionDate "2020.03.31"]
[SourceQuality "1"]

1. d4 d5 2. Nf3 c5 3. e3 Bg4 4. c4 e6 5. cxd5 exd5 6. Bb5+ Nc6 7. Qa4 Bd7 8. Nc3 Nf6 9. Ne5 Qc7 10. Nxd7 Qxd7 11. 0-0 cxd4 12. exd4 Be7 13. Re1 0-0 14. Bg5 h6 15. Bh4 Rfe8 16. Re2 a6 17. Bxc6 Qxc6 18. Qxc6 bxc6 19. Rae1 Kf8 20. Na4 g5 21. Bg3 Ne4 22. Be5 Bb4 23. Rc1 Re6 24. a3 Bd2 25. Rc2 Ba5 26. b4 Bd8 27. f3 Nf6 28. Nc5 Re8 29. Kf2 Ra7 30. a4 Be7 31. Nd3 Rc8 32. b5 axb5 33. axb5 Ra3 34. Nc5 Bxc5 35. Rxc5 Nd7 36. Bd6+ Kg7 37. Rxc6 Rxc6 38. bxc6 Nb6 39. Bxa3 1-0

[Event "Kaluga Tsiolkovsky Memorial op"]
[Site "Kaluga"]
[Date "2016.08.14"]
[Round "8"]
[White "Tereschenko, Valerij"]
[Black "Ogurtzov, Igor"]
[Result "1/2-1/2"]
[WhiteElo "1958"]
[BlackElo "1826"]
[PlyCount "56"]
[EventDate "2016.08.06"]
[EventType "swiss"]
[EventRounds "9"]
[EventCountry "RUS"]
[SourceTitle "CBM 174 Extra"]
[Source "ChessBase"]
[SourceDate "2016.10.10"]
[SourceVersion "1"]
[SourceVersionDate "2016.10.10"]
[SourceQuality "1"]

1. d4 d5 2. Nf3 Nf6 3. e3 g6 4. Bd3 Bg7 5. Nbd2 0-0 6. 0-0 b6 7. Ne5 Bb7 8. f4 Nbd7 9. b3 c5 10. Bb2 Rc8 11. Qe2 Qc7 12. Rac1 Ne4 13. Bxe4 dxe4 14. c4 cxd4 15. exd4 f5 16. b4 Nxe5 17. fxe5 Rfd8 18. Nb3 e6 19. a4 Qd7 20. b5 a6 21. Ba3 axb5 22. axb5 Bf8 23. Bxf8 Rxf8 24. Rc3 f4 25. Qg4 f3 26. gxf3 exf3 27. d5 Bxd5 28. Qd4 Qc7 1/2-1/2

[Event "Kaluga Tsiolkovsky Memorial op"]
[Site "Kaluga"]
[Date "2016.08.06"]
[Round "1"]
[White "Mukhtarov, Dzonkush"]
[Black "Tereschenko, Valerij"]
[Result "0-1"]
[WhiteElo "1387"]
[BlackElo "1958"]
[PlyCount "62"]
[EventDate "2016.08.06"]
[EventType "swiss"]
[EventRounds "9"]
[EventCountry "RUS"]
[SourceTitle "CBM 174 Extra"]
[Source "ChessBase"]
[SourceDate "2016.10.10"]
[SourceVersion "1"]
[SourceVersionDate "2016.10.10"]
[SourceQuality "1"]

1. d4 d5 2. c4 c6 3. Nc3 Nf6 4. Bf4 dxc4 5. e4 b5 6. a4 b4 7. Na2 Nxe4 8. f3 Nf6 9. Bxc4 e6 10. Ne2 Bd6 11. 0-0 a5 12. b3 0-0 13. Kh1 Bxf4 14. Nxf4 Qd6 15. g3 Nbd7 16. Re1 Bb7 17. Kg2 Rfd8 18. Qd3 Nb6 19. Rad1 h6 20. Nxe6 fxe6 21. Rxe6 Nxc4 22. Qxc4 Qd5 23. Rde1 c5 24. Qxd5 Bxd5 25. R6e3 cxd4 26. Rd3 Ng4 27. Red1 Ne3+ 28. Kf2 Nxd1+ 29. Rxd1 Bxb3 30. Rd2 Bxa2 31. Rxa2 Rac8 0-1